Barbie de A-Z - Statistiques

Statistiques générales
  • Ce quiz a été pris 628 fois
  • Le résultat moyen est 7 sur 26
Statistiques - réponses
Lettre Indice Réponse % Correct
B Nom de la Franchise Barbie
80%
K Homologue Masculin de Barbie Ken
79%
C Petite Soeur de Barbie Chelsea
64%
X Nombre de Filles du Roi Randolph 12
52%
T Princesse de Méribella Tori
41%
P Une Princesse Diney que Barbie a incarné dans un film Princesse Raiponce
40%
D Mère de Delancy Devin dans "Apprentie Princesse" Dame Devin
37%
S Grande Soeur de Barbie Skipper
30%
R Soeur Jumelle de Ryan Raquelle
29%
I 9ème Fille du Roi Randolph et Soeur Jumelle de Hadley Isla
24%
A Tante de la Princesse Tori Amélia
22%
H Princesse Sportive dans le film "Apprentie Princesse" Hadley
22%
J Rivale de Millicent et Antagoniste dans le film "Magie de la Mode" Jacqueline
18%
M Princesse et Antagoniste du film "La Porte Secrète" Malucia
18%
V Chienne de la Princesse Tori Vanessa
18%
U Musique chantée dans le film "Le Palais de Diamant Une chanson deux voix
16%
Q Chanson interprétée par la Princesse Alexa dans le film "La Porte Secrète" Que vais-je vivre
12%
L Elle dirige le Camp Royauté Lady Anne
11%
W Une de Prtagoniste de la série de films "Mariposa" Willa
11%
E Popstar ayant changé de place avec la Princesse Courtney Erika Juno
8%
O Princesse et Anti-Héros du film "Rock & Royales" Olivia
8%
N Fée et une des Protagonistes du film "La Porte Secrète" Nora
6%
Z Musicienne et Amie de Princesse Courtney Zia
6%
F Il dirige le Camp Pop Finn Oxford
5%
G Serviteur de l'Antagoniste du film "La Porte Secrète" Grodlin
3%
Y Cheval de Philippe dans le film "Barbie et ses Soeurs au Club Hippique" Youriquet
2%
Aucun quiz correspondant
Distribution des résultats
% des personnes avec chaque résultat
Percentile par nombre de réponses
Votre historique - résultats
Vous n’avez pas pris ce quiz